01456nas a2200325 a 450000100060000000300080000600500170001400800410003103500190007203500160009104001180010704100080022507000180023307200090025108200270026011000650028724500440035226000750039630000330047165000360050471000720054071000890061271000860070178000580078778500370084578700860088294200120096899900170098095201330099743928BD-RjUL20211209053755.0160629s1956 nyuar0 s i0 a0eng  a(BD-RjUL)44046 a(NNC)523995 aDLCcUDIdNSDdOCLdIULdNSDdOCLdHULdOCLdDLCdOCLdDLCdAGLdOCLdDLCdHULdMULdm/cdIULdNSTdDLCdIULbeng aeng1 a280.9bUn3656 7aE1000 a330.9005223bUNW 1956104United NationsaDept. of Economic and Social Affairs913496310aWorld economic survey /cUnited Nations aNew York :bUnited Nations Dept. of Economic and Social Affairs,c1956 axi, 201 p. :bill. ;c28 cm. 0aEconomic history y195591349642 aUnited Nations.bDepartment of Economic and Social Affairs.91324932 aUnited Nations.bCentre for Development Planning, Projections, and Policies.91349652 aUnited Nations.bDepartment of International Economic and Social Affairs.913496600tWorld economic reportw(OCoLC)1188639w(DLC) 8464228000tWorld economic and social survey0 tWorld economic survey (New York, N.Y.). Readerw(DLC)sn 92028230w(OCoLC)25479718 2ddccBK c43928d43928 00102ddc40708NFICaRUCLbRUCLcStackd1957-02-17epub mmig7.00l0o330.9 UNW 1956r2016-06-29 00:00:00tC-2w2016-06-29yBK